000 005260000a22001930004500
999 _c48745
_d48745
001 1586
003 CO-MdFUSB
005 20180227143102.0
008 180213b xxu||||| |||| 00| 0 eng d
020 _a978-958-30-1548-9
040 _cCO-MdBIC
082 0 4 _a751 B459o
100 1 _aBerrill, Philip
245 1 0 _aGuía fácil para pintar al óleo / Philip Berrill ; fotografías Peter Raymond
260 _aBogotá : Panamericana Editorial
300 _a68 P.
650 1 4 _aPintura al óleo - Enseñanza
942 _cLGB